| LEADER | 01201nam a2200229 a 4500 | ||
|---|---|---|---|
| 001 | GR-MES563 | ||
| 008 | 991111s1980 gr 000 0 gre d | ||
| 040 | |a GrPaTEI |b gre |c GR-PaULI | ||
| 245 | 0 | 2 | |a Η πολιτική οικονομία της σχεδιασμένης οικονομίας. |
| 260 | |a Αθήνα : |b Κάλβος, |c 1980 | ||
| 300 | |a 122 σελ. | ||
| 650 | 4 | |a Οικονομία | |
| 650 | 4 | |a ΠΟΛΙΤΙΚΗ | |
| 700 | 1 | |a Baran, Paul A. | |
| 700 | 1 | |a Σοφιανός, Φ. Ρ. | |
| 710 | 0 | |a Κάλβος | |
| 942 | |2 ddc | ||
| 952 | |0 0 |1 0 |2 ddc |4 0 |6 330_010000000000000_BAR |7 0 |9 263851 |a MSLG |b MSLG |c BSC |d 2021-01-17 |e 24 |f 0 |g 0.00 |l 0 |o 330.01 BAR |p 2420000002207 |r 2021-01-17 00:00:00 |t 1 |w 2021-01-17 |y BK15 |x 19991111 0 1 |x GrPaTEI | ||
| 952 | |0 0 |1 0 |2 ddc |4 0 |6 330_010000000000000_BAR |7 0 |9 263852 |a MSLG |b MSLG |c BSC |d 2021-01-17 |e 24 |f 0 |g 0.00 |l 0 |o 330.01 BAR |p 2420000002208 |r 2021-01-17 00:00:00 |t 1 |w 2021-01-17 |y BK15 |x 19991111 0 1 |x GrPaTEI | ||
| 952 | |0 0 |1 0 |2 ddc |4 0 |6 330_010000000000000_BAR |7 0 |9 263853 |a MSLG |b MSLG |c BSC |d 2021-01-17 |e 24 |f 0 |g 0.00 |l 0 |o 330.01 BAR |p 2420000017337 |r 2021-01-17 00:00:00 |t 1 |w 2021-01-17 |y BK15 |x 20000204 0 1 |x GrPaTEI | ||
| 971 | |a .b25716049 |b 16-04-20 |c 13-09-16 | ||
| 999 | |c 151906 |d 151906 | ||